Władca znajdujący się na każdym polskim banknocie - Statystyki

Ogólne statystyki
  • Ten quiz został rozwiązany 64 razy
  • Średni wynik to 4 z 6
Statystyki odpowiedzi
Banknot Król polski % Poprawnych
10zł Mieszko pierwszy
86%
20zł Bolesław Chrobry
80%
50zł Kazimierz Wielki
70%
100zł Władysław Jagiełło
55%
200zł Zygmunt Stary
45%
500zł Jan trzeci Sobieski
36%
Nie znaleziono quizów pasujących do podanych kryteriów
Rozkład punktacji
Procent ludzi z każdym wynikiem
Percentyl według liczby udzielonych odpowiedzi
Twoja historia wyników
Nie rozwiązałeś tego quizu